| 000 | 01047nam a2200217 i 4500 | ||
|---|---|---|---|
| 001 | 78149 | ||
| 003 | BD-RjUL | ||
| 005 | 20211209083108.0 | ||
| 008 | 011029s1938 su 000 0 ara d | ||
| 035 | _a(BD-RjUL)78375 | ||
| 040 |
_erda _dUkOxU _aBD-RjUL _beng _cBD-RjUL |
||
| 041 | _aara | ||
| 082 |
_223 _a297.126 _bBAk 1358h |
||
| 100 | 1 |
_a البغدادي، أبو بكر أحمد بن علي.;;Baghdādī, Abū Bakr Aḥmad ibn ʿAlī, _eauthor. _9246650 |
|
| 245 | 1 | 0 |
_a كتاب الكفاية في علم الرواية ;; Kitāb al-Kifāyah fī ʿilm al-riwāyah / _c أبي بكر أحمد بن علي بن ثابت المعروف بالخطيب البغدادي ;; Abī Bakr Aḥmad ibn ʿAlī ibn Thābit al-maʿrūf bi-al-Khaṭīb al-Baghdādī. |
| 264 | 1 |
_aal-Madīnah al-Munawwarah : _bal-Maktabah al-ʻIlmīyah, _c1358 = 1935 |
|
| 300 |
_a451, 5, 4 pages ; _c23 cm |
||
| 650 | 0 |
_aHadith _xEvidences, authority, etc. _9246651 |
|
| 942 |
_2ddc _cBK |
||
| 999 |
_c78149 _d78149 |
||